Reforma agraria chilena: seis ensayos de interpretación
Gardado en:
| Main Authors: | , , , , |
|---|---|
| Outros autores: | |
| Formato: | Libro |
| Idioma: | Lingua castelá |
| Publicado: |
Santiago
ICIRA
1970
|
| Subjects: | |
| Tags: |
Engadir etiqueta
Sen Etiquetas, Sexa o primeiro en etiquetar este rexistro!
|
MARC
| LEADER | 00000nam a2200000 a 4500 | ||
|---|---|---|---|
| 001 | UCR8737 | ||
| 003 | CL-VaPUC | ||
| 008 | 980529e19700000CL |||||||||||||||||spa|d | ||
| 082 | 0 | 4 | |a 333.3183 |b ALA |2 21 |
| 100 | 0 | |a Alaluf, David |e author |9 410890 | |
| 700 | 0 | |a Barraclough, Solon |e author |9 410891 | |
| 700 | 0 | |a Corvalán M., Antonio |e author |9 410892 | |
| 700 | |a Echenique Larraín, Jorge |e author |9 555029 | ||
| 700 | |a Mattelart, Armand |e autor |9 600350 | ||
| 700 | 0 | |a Sampaio, Plinio |e author |9 410895 | |
| 245 | 1 | 0 | |a Reforma agraria chilena: seis ensayos de interpretación |
| 300 | |a 125 p | ||
| 942 | |c BK | ||
| 945 | |d 19980529 00:00:00 |a crobeson | ||
| 260 | |a Santiago |b ICIRA |c 1970 | ||
| 650 | 0 | |a REFORMA AGRARIA |9 256789 | |
| 650 | 7 | |a POLITICA AGRARIA |2 CL-VaPUC |9 264314 | |
| 650 | 7 | |a ESTRUCTURAS AGRARIAS |2 CL-VaPUC |9 358695 | |
| 650 | 7 | |a PROPIEDAD DE TIERRAS |2 CL-VaPUC |9 410896 | |
| 650 | 7 | |a USO DE LAS TIERRAS |2 CL-VaPUC |9 358696 | |
| 651 | 7 | |a CHILE |2 CL-VaPUC |9 410897 | |
| 583 | |a last modification |c 19980529 00:00:00 |k Rodrigo Vera | ||
| 999 | |c 270132 |d 270130 | ||
| 952 | |0 0 |1 0 |4 0 |6 333_318300000000000_ALA_1970 |7 0 |8 A |9 304263 |a BIBENE |b BIBENE |d 2019-11-20 |i 140587K |o 333.3183 ALA 1970 |p 140587K |r 2025-01-15 |w 2019-11-20 |y BK |k ICO | ||